| 000 | 00561cam a22001814a 4500 | ||
|---|---|---|---|
| 020 | _a9781429219488 | ||
| 040 | _dDLC | ||
| 082 | 0 | 4 |
_a153 _222 |
| 100 | 1 | _aAnderson, John R. | |
| 245 | 1 | 0 |
_aCognitive psychology and its implications _cJohn R. Anderson. |
| 250 | _a7th ed. | ||
| 260 |
_aNew York : _bWorth Publishers, _cc2010. |
||
| 300 |
_axx, 469 p., [8] p. of plates : _bill. (chiefly col. ) ; _c24 cm. |
||
| 504 | _aIncludes bibliographical references (p. 430-452) and index. | ||
| 650 | 0 | _aCognition. | |
| 650 | 0 | _aCognitive psychology. | |
| 942 |
_2ddc _cBK |
||
| 999 |
_c11399 _d11399 |
||